| 000 | 00933cam a2200229 a 4500 | ||
|---|---|---|---|
| 020 | _a041923540X | ||
| 082 | 0 | 0 |
_a693.1 _bPAN _cL-N, P-22 |
| 100 |
_aPnde, g.n _945512 |
||
| 245 | 1 | 0 |
_aComputer methods in structural masonry-4 : _bproceedings of the Fourth International Symposium on Computer Methods in Structural Masonry, 3-5 September 1997, Florence, Italy / _cedited by G.N. Pande, J. Middleton, B. Kralj. |
| 260 |
_aLondon ; _aNew York : _bE & FN Spon, _cc1998. |
||
| 300 |
_ax, 348 p. : _bill. ; _c24 cm. |
||
| 526 |
_a0 _b0 _c0 _d693_100000000000000_PAN |
||
| 650 | 0 |
_aComputer-aided engineering _934561 |
|
| 650 | 0 |
_aMasonry _936353 |
|
| 650 | 0 |
_aMCE _9379 |
|
| 650 | 0 |
_aStructural analysis (Engineering) _xData processing _940515 |
|
| 700 | 1 |
_aKralj, B. _945513 |
|
| 700 | 1 |
_aMiddleton, J. _945514 |
|
| 700 | 1 |
_aPande, G. N. _945515 |
|
| 856 | 4 | 2 | _uhttp://www.loc.gov/catdir/enhancements/fy0651/98029365-d.html |
| 942 |
_2ddc _cBK |
||
| 999 |
_c549017 _d549017 |
||